000 00528nam a2200181Ia 4500
005 20250326144939.0
008 250326s9999 xx 000 0 und d
037 _aTextbook
040 _aFMSL
_beng
_cFMSL
041 _aeng
_2eng
084 _aX755.2N6g M8
_qFMSL
100 _aI I C
_9735750
245 0 _aDirectory of foreign collaborations in India
_cI I C
260 _aNew Delhi
_bNew Delhi, Indian Investment Centre
_c1989
300 _a269p
942 _cTB
_hX755.2N6g M8
999 _c1305744
_d1305744